El proceso de privatizaciones. /
Guardado en:
| Autor Principal: | |
|---|---|
| Autor Corporativo: | |
| Formato: | |
| Publicado: |
Argentina,
2013
|
| Series: | Industria Nacional
|
| Materias: | |
| Etiquetas: |
Agregar Etiqueta
Sin Etiquetas, Sea el primero en etiquetar este registro!
|
| LEADER | 01324ngm a22003615g 4500 | ||
|---|---|---|---|
| 001 | CEM.cems023634 | ||
| 008 | 130507s2013##################0###0#####d | ||
| 005 | 20250618141711.0 | ||
| 245 | 1 | 0 | |a El proceso de privatizaciones. / |c Pablo Mazzolo. |
| 260 | |a Argentina, |c 2013 | ||
| 300 | |a 27'. | ||
| 490 | 0 | |a Industria Nacional | |
| 500 | |a Consultar en ventanilla. | ||
| 505 | 0 | |a Las privatizaciones y el desguace del estado. Consecuencias para la industria. Desprotección para las pyme y ausencia de intervención del estado en materia industrial. La profundización del modelo de valoración financiera. concentración y centralización del capital en grandes grupos transnacionales. | |
| 538 | |a Soporte: DVD - Color: Si - Grabación DRD | ||
| 100 | 1 | |a Mazzolo, Pablo | |
| 710 | 2 | |a Canal Encuentro. | |
| 082 | 9 | 8 | |/ MAZ |
| 653 | |a ECONOMIA | ||
| 653 | |a ECONOMIA ARGENTINA | ||
| 653 | |a INDUSTRIA | ||
| 653 | |a HISTORIA | ||
| 653 | |a HISTORIA ARGENTINA | ||
| 653 | |a INDUSTRIA ARGENTINA | ||
| 653 | |a DESARROLLO INDUSTRIAL | ||
| 653 | |a PYMES | ||
| 653 | |a GRUPOS ECONOMICOS | ||
| 653 | |a SECTOR FINANCIERO | ||
| 653 | |a BANCOS | ||
| 653 | |a CONCENTRACION DE LA RIQUEZA | ||
| 653 | |a CAPITAL | ||
| 653 | |a SERIE DE TELEVISIÓN | ||
| 859 | |a CEMS |b BIB. CEMS - Depto. Recursos Didacticos |h 982 |i MAZ |k DRD |p 2277.15 |t Ej.1 | ||
